Imagine Dragons Evolve Tour Songs - Statistics

General Stats
  • This quiz has been taken 20 times
  • The average score is 28 of 39
Answer Stats
Album # of plays Song % Correct
Evolve 134 Thunder
100%
Evolve 135 Believer
93%
Night Visions 132 Demons
93%
Night Visions 132 It's Time
93%
Night Visions 134 Radioactive
93%
Evolve 134 Whatever it Takes
93%
Origins 29 Natural
86%
Night Visions 131 On Top of the World
86%
Smoke + Mirrors 80 Shots
86%
Night Visions 62 Amsterdam
79%
Smoke + Mirrors 110 I Bet My Life
79%
Smoke + Mirrors 30 I'm So Sorry
79%
Evolve 127 Start Over
79%
Night Visions 1 Tiptoe
79%
Smoke + Mirrors 11 Warriors
79%
Evolve 129 Yesterday
79%
Origins 3 Zero
79%
Kygo Collaboration 33 Born to Be Yours
71%
Evolve 2 Dancing in the Dark
71%
Smoke + Mirrors 102 Gold
71%
Evolve 130 Mouth of the River
71%
Smoke + Mirrors 4 Polaroid
71%
Evolve 129 Walking the Wire
71%
Night Visions 70 Bleeding Out
64%
Evolve 128 I'll Make it Up to You
64%
Smoke + Mirrors 1 Smoke and Mirrors
64%
Smoke + Mirrors 36 The Fall
64%
Smoke + Mirrors 3 Thief
64%
Smoke + Mirrors 22 Dream
57%
Evolve 130 I Don't Know Why
57%
Origins 1 Machine
57%
Evolve 75 Next to Me
57%
Night Visions 1 Nothing Left To Say
57%
Evolve 120 Rise Up
57%
Smoke + Mirrors 7 It Comes Back to You
50%
Smoke + Mirrors 2 Second Chances
50%
Night Visions 8 The River
50%
It's Time EP 1 Tokyo
50%
Night Visions 1 America
43%
No matching quizzes found
Score Distribution
Percent of People with Each Score
Percentile by Number Answered
Your Score History
You have not taken this quiz